000 01009nam a2200301 i 4500
001 bg
003 BPK
005 20191002090800.0
008 991116s1981 pl a f |001 0 pol
015 _aPB 1982/665
020 _a8301009918
040 _aWA N
_cBPK
041 0 _apol
080 _a53
080 _a(07)
100 1 _aHerman, Marian Augustyn
_d(1936-2015).
_eAutor
245 1 0 _aPodstawy fizyki dla kandydatów na wyższe uczelnie /
_cMarian Herman, Andrzej Kalestyński, Leszek Widomski.
250 _aWyd. 3.
260 _aWarszawa :
_bPańst. Wydaw. Naukowe,
_c1981.
300 _a569, [2] s., [2] k. tabl. :
_bil. tab. wykr. ;
_c24 cm.
504 _aBibliogr. przy rozdz.. - Indeks.
650 4 _aFizyka
655 4 _aPodręcznik
700 1 _aKalestyński, Andrzej
_d(1927-2016).
_eAutor
700 1 _aWidomski, Leszek.
_eAutor
856 _uhttp://koha.tu.koszalin.pl/cgi-bin/koha/opac-detail.pl?biblionumber=1744
_yKatalog online BPK
942 _2UKD
_cKS
999 _c1744
_d1744